| 000 | 00890nam a22002177a 4500 | ||
|---|---|---|---|
| 005 | 20210325181707.0 | ||
| 008 | s2545 th tha d | ||
| 020 | _a9747355159 | ||
| 041 | _atha | ||
| 050 | _aTP370 ม212ท 2545 | ||
| 100 | 0 | _aมลศิริ วีโรทัย | |
| 245 | 1 | 0 | _aเทคโนโลยีของผลิตภัณฑ์อาหารเพื่อสุขภาพ |
| 260 | 3 |
_aกรุงเทพฯ : _bสถาบันพัฒนาคุณภาพวิชาการ (พว.), _c2545 |
|
| 300 |
_a260 หน้า : _b ภาพประกอบ, ตาราง ; _c 26 ซม. |
||
| 650 | 0 | 4 | _aอาหารเพื่อสุขภาพ |
| 650 | 0 | 4 | _aเทคโนโลยีผลิตอาหาร |
| 850 | _aNALT | ||
| 942 | _cGB | ||
| 997 | _c000000000012530 | ||
| 998 | _aSAIPHON DEENGAM | ||
| 999 |
_c12530 _d12530 |
||